Brazil Squad Football World Cup 2006 - Statistics

General Stats
  • This quiz has been taken 379 times
  • The average score is 15 of 24
Answer Stats
Answer % Correct
9 Forward / Real Madrid Ronaldo
98%
10 Midfielder / Barcelona Ronaldinho
97%
1 Goal Keeper / Milan AC Dida
94%
2 Defender / Milan AC Cafu
92%
8 Midfielder / Milan Kaka
92%
6 Defender / Real Madrid Roberto Carlos
88%
7 Forward / Inter Adriano
84%
3 Defender / Bayern Munich Lucio
84%
19 Midfielder / Lyon Juninho
78%
23 Forward / Real Madrid Robinho
75%
16 Defender / Herta Berlin Gilberto
71%
22 Goal Keeper / Inter Julio Cesar
70%
11 Midfielder / Bayern Munich Ze Roberto
70%
5 Midfielder / Juventus Emerson
59%
4 Defender / Bayer Leverkusen Juan
58%
17 Midfielder / Arsenal Gilberto Silva
56%
21 Forward / Lyon Fred
51%
12 Goal Keeper / Sao Paulo Rogerio Ceni
44%
13 Defender / Real Madrid Cicinho
40%
14 Defender / Benfica Luisao
40%
15 Defender / Lyon Cris
32%
Manager Carlos Alberto
31%
20 Midfielder / Corinthians Ricardinho
22%
18 Midfielder / Sao Paulo Mineiro
20%
No matching quizzes found
Score Distribution
Percent of People with Each Score
Percentile by Number Answered
Your Score History
You have not taken this quiz